Statistics for Biggest Asian Cities by Letter - N

Click here to take the quiz!

General Stats

  • This quiz has been taken 72 times
  • The average score is 7 of 13

Answer Stats

CountryPopulationCity% Correct
Japan10.5 milNagoya
98%
China6.60 milNanjing
98%
Russia1.69 milNovosibirsk
88%
Kazakhstan1.12 milNur-Sultan
88%
China3.47 milNanning
73%
India3.27 milNagpur
73%
China3.27 milNingbo
54%
China3.87 milNanchang
50%
China1.90 milNantong
25%
India2.07 milNashik
23%
Japan1.21 milNaha
21%
China1.22 milNanchong
13%
China1.26 milNanyang
4%

Score Distribution

Percentile by Number Answered

Percent of People with Each Score

Your Score History

You have not taken this quiz